Inter-governmental financial relations in India since independence (Record no. 23261)

MARC details
000 -LEADER
fixed length control field 00428nam a2200145Ia 4500
082 ## - DEWEY DECIMAL CLASSIFICATION NUMBER
Classification number 336.54 BHA-;
100 ## - MAIN ENTRY--AUTHOR NAME
Personal name Bhargava, Madhuri
245 #0 - TITLE STATEMENT
Title Inter-governmental financial relations in India since independence
260 ## - PUBLICATION, DISTRIBUTION, ETC. (IMPRINT)
Name of publisher Banaras Hindu University
Year of publication 1971
300 ## - PHYSICAL DESCRIPTION
Number of Pages 435
650 ## - SUBJECT ADDED ENTRY--TOPICAL TERM
Topical Term Centre state fiscal relations
Geographic subdivision India
650 ## - SUBJECT ADDED ENTRY--TOPICAL TERM
Topical Term Inter governmental fiscal relations
710 ## - ADDED ENTRY--CORPORATE NAME
Corporate name or jurisdiction name as entry element Bhargava, R.N.
942 ## - ADDED ENTRY ELEMENTS (KOHA)
Koha item type Thesis
Source of classification or shelving scheme Dewey Decimal Classification
Holdings
Withdrawn status Lost status Damaged status Not for loan Home library Current library Date acquired Full call number Accession Number Price effective from Koha item type
        NASSDOC Library NASSDOC Library 08/10/2004 TB.0133 9471 18/04/2019 Thesis